The Acts of the Apostles : (Record no. 593)

MARC details
000 -LEADER
fixed length control field 00987pam a2200289 a 4500
001 - CONTROL NUMBER
control field 3889185
003 - CONTROL NUMBER IDENTIFIER
control field GBCCL
005 - DATE AND TIME OF LATEST TRANSACTION
control field 20241126110341.0
008 - FIXED-LENGTH DATA ELEMENTS--GENERAL INFORMATION
fixed length control field 900330s1990 miu 001 0 eng
010 ## -
-- 90035700
020 ## - INTERNATIONAL STANDARD BOOK NUMBER
International Standard Book Number 0802830560
Terms of availability $39.95
040 ## - CATALOGING SOURCE
Original cataloging agency DLC
Transcribing agency DLC
Modifying agency DLC
041 0# -
-- enggre
050 00 -
-- BS2625.3
-- .B73 1990
082 00 - DEWEY DECIMAL CLASSIFICATION NUMBER
Classification number 226.6077
Edition information 20
Item number BRU
100 1# - MAIN ENTRY--PERSONAL NAME
Personal name Bruce, F. F.
Fuller form of name (Frederick Fyvie),
Dates associated with a name 1910-1990.
245 14 - TITLE STATEMENT
Title The Acts of the Apostles :
Remainder of title the Greek text with introduction and commentary /
Statement of responsibility, etc. by F.F. Bruce.
260 ## - PUBLICATION, DISTRIBUTION, ETC.
Place of publication, distribution, etc. Grand Rapids, Mich. :
Name of publisher, distributor, etc. W.B. Eerdmans,
Date of publication, distribution, etc. 1975, c1951.
300 ## - PHYSICAL DESCRIPTION
Extent xxvii, 491 p. ;
Dimensions 24 cm.
500 ## - GENERAL NOTE
General note English and Greek.
500 ## - GENERAL NOTE
General note Includes indexes.
630 00 - SUBJECT ADDED ENTRY--UNIFORM TITLE
Uniform title Bible.
Name of part/section of a work Acts
General subdivision Commentaries.
730 02 -
-- Bible.
-- Acts.
-- Greek.
-- 1990.
906 ## - LOCAL DATA ELEMENT F, LDF (RLIN)
a 7
b cbc
c orignew
d 1
e ocip
f 19
g y-gencatlg
942 ## - ADDED ENTRY ELEMENTS (KOHA)
Source of classification or shelving scheme Dewey Decimal Classification
Koha item type Books
Holdings
Withdrawn status Lost status Source of classification or shelving scheme Damaged status Not for loan Home library Current Library Shelving location Date acquired Total checkouts Full call number Barcode Date last seen Copy number Price effective from Koha item type
    Dewey Decimal Classification     GRACE BIBLE COLLEGE GRACE BIBLE COLLEGE Commentary 2016-11-22   226.6077 BRU 000230 2025-05-01 c.1 2016-11-22 Reference Books
© Grace Bible College Library 2025